000
00339 a2200157 4500
001
59917
020
_a
97835703000985
040
_c
Anchieta - Pituba
100
_a
Schröder, Raíner M.
240
1
0
_a
Abby Lynn
_l
por
245
1
0
_a
Abby Lynn
300
_a
316
362
0
_a
2002
650
4
_a
Literatura juvenil em alemão
942
_c
BK
999
_c
59917
_d
59917